| 000 | 00000nam 2200000za 4500 |
| 001 | 9.851009 |
| 003 | CaOODSP |
| 005 | 20221107154307 |
| 007 | cr ||||||||||| |
| 008 | 180201s2010 onc ob f000 0 fre d |
| 020 | |a978-0-660-09765-7 |
| 040 | |aCaOODSP|bfre |
| 043 | |an-cn--- |
| 086 | 1 |aBT32-54/2010F-PDF |
| 110 | 1 |aCanada. |bConseil du trésor. |
| 245 | 10|aLigne directrice sur une stratégie de mesure du rendement aux termes de la Politique sur les paiements de transfert |h[ressource électronique]. |
| 260 | |aOttawa : |bSecrétariat du conseil du Trésor du Canada, |c2010. |
| 300 | |a[6] p. |
| 500 | |aPubl. aussi en anglais sous le titre : Guideline on performance measurement strategy under the Policy on Transfer Payments. |
| 500 | |aTitre de la couv. |
| 500 | |a« Publié : le 02 sept. 2010. » |
| 500 | |aPubl. aussi en format HTML. |
| 504 | |aComprend des références bibliographiques. |
| 520 | 0 |a« La présente ligne directrice pour but d’aider les administrateurs généraux et les gestionnaires ministériels à s’acquitter des responsabilités qui leur sont conférées par la Politique sur les paiements de transfert et la Directive sur les paiements de transfert relativement à l’élaboration de stratégies de mesure du rendement. Une stratégie de mesure du rendement (stratégie de MR) élaborée dans le cadre d’un programme de paiements de transfert consiste à sélectionner, élaborer et utiliser constamment des mesures de rendement pour appuyer la prise de décisions dans le contexte de la gestion du programme » -- Introd., p. [3]. |
| 692 | 07|2gccst|aMinistère du gouvernement fédéral |
| 692 | 07|2gccst|aPaiement de transfert |
| 692 | 07|2gccst|aLignes directrices |
| 775 | 08|tGuideline on performance measurement strategy under the Policy on Transfer Payments |w(CaOODSP)9.851006 |
| 856 | 40|qPDF|s136 Ko|uhttps://publications.gc.ca/collections/collection_2018/sct-tbs/BT32-54-2010-fra.pdf |
| 856 | 4 |qHTML|sS.O.|uhttps://www.tbs-sct.gc.ca/pol/doc-fra.aspx?id=19420 |